| 000 | 00512nam a22001817a 4500 | ||
|---|---|---|---|
| 008 | 230705b |||||||| |||| 00| 0 eng d | ||
| 020 | _a9788183616539 | ||
| 040 |
_aNational Science Library _cNational Science Library |
||
| 080 |
_a82-32POK _bQ4 |
||
| 100 | _aNisanka, Ramesa Pokhariyala | ||
| 245 | _aअन्तहीन | ||
| 246 | _aAntaheen | ||
| 260 |
_aNew Delhi: _bRadhakrishna Prakashan, _c2014 |
||
| 300 | _a143p. | ||
| 365 |
_b300.00 _cINR |
||
| 650 | _aHindi short stroies | ||
| 942 |
_2udc _cHBK |
||
| 999 |
_c49406 _d49406 |
||